LEADER 01333nam0 22002771i 450 001 UON00496221 005 20231205105354.220 100 $a20190702d1970 |0itac50 ba 101 $afre 102 $aBE 105 $a|||| ||||| 200 1 $aˆLe "‰libro de Buen Amor"$fde Juan Ruiz, Archipretre de Hita; these presentee pour l'obtention du titre de docteur en Philosophie et Lettres$bpar] Jacques Joset 210 $aLiege$cUniversitè de Liege$d1970 215 $a2 v. (551 p. compless.)$d30 cm. 316 $aDono Prof. Alberto Varvaro.$5IT-UONSI F. Varvaro21911 316 $aDono Prof. Alberto Varvaro.$5IT-UONSI F. Varvaro21912 606 $aLetteratura spagnola$3UONC060988$2FI 620 $aBE$dLiège$3UONL003236 676 $a860$cLetteratura spagnola$v21 702 1$aJoset$bJacques$3UONV111750 801 $aIT$bSOL$c20250613$gRICA 912 $aUON00496221 950 $aSIBA - SISTEMA BIBLIOTECARIO DI ATENEO$dSI F. Varvaro2191 1 $eSI 30657 7 Dono Prof. Alberto Varvaro. 950 $aSIBA - SISTEMA BIBLIOTECARIO DI ATENEO$dSI F. Varvaro2191 2 $eSI 30657/a 7 Dono Prof. Alberto Varvaro. 996 $aLibro de buen amor$91553881 997 $aUNIOR